| 000 | 00945cam a22002651i 4500 | ||
|---|---|---|---|
| 003 | SA-RiAUC | ||
| 005 | 20241001134112.0 | ||
| 008 | 240928s1990 su g 000r0 ara c | ||
| 040 |
_aSA-RiAUC _bara _cSA-RiAUC _erda |
||
| 043 | _aa-su--- | ||
| 050 | 4 | _b.N33 1989 | |
| 082 | 0 | 4 | _a081 |
| 090 |
_a081 _bن ا د |
||
| 110 | 2 |
_aنادي مكة الثقافي الأدبي _eمؤلف. |
|
| 245 | 1 | 0 | _aمحاضرات نادي مكة الثقافي الأدبي. |
| 250 | _aالطبعة الأولى. | ||
| 264 | 1 |
_aمكة المكرمة : _bنادي مكة الثقافي الأدبي، _c[1990] |
|
| 300 |
_a245 صفحة ؛ _c24 سم |
||
| 336 |
_aنص _btxt _2rdacontent _3كتاب |
||
| 337 |
_aبدون وسيط _bn _2rdamedia |
||
| 338 |
_aمجلد _bnc _2rdacarrier |
||
| 650 | 7 |
_aالمقالات العربية _zالسعودية _yقرن 14 هجري. _2aucsh |
|
| 942 |
_2ddc _cBOOK _n0 |
||
| 949 |
_aSA-JeALM _d240928 _umohamedma123 _n1 |
||
| 999 |
_c738 _d738 |
||